|
|
|
|
| LEADER |
00677nam a22001931 4500 |
| 001 |
c000204419 |
| 003 |
CARM |
| 005 |
20021125002000.0 |
| 008 |
851113s1964 enk 0 eng d |
| 019 |
1 |
|
|a 4143840
|5 LACONCORD2021
|
| 035 |
|
|
|a (OCoLC)5999899
|5 LACONCORD2021
|
| 100 |
1 |
|
|a Ewart, Gavin,
|d 1916-
|
| 245 |
1 |
0 |
|a Londoners /
|c by G.Ewart. Drawings by C.Spencer.
|
| 260 |
|
|
|a Lond. :
|b Heinemann,
|c 1964.
|
| 300 |
|
|
|a 56p.
|
| 852 |
8 |
|
|b CARM
|h A2:AO16A0
|i B06556
|p 0303431
|f BK
|
| 082 |
0 |
4 |
|a 821.9
|
| 999 |
f |
f |
|i 7d21ea89-0a5d-59e8-8ae3-42496e6a7122
|s 9332c8de-8b8c-56ee-ba39-d1d6c2668b0e
|
| 952 |
f |
f |
|p Can circulate
|a CAVAL
|b CAVAL
|c CAVAL
|d CARM 1 Store
|e B06556
|f A2:AO16A0
|h Other scheme
|i book
|m 0303431
|